[Event "Karlovy Vary op"]
[Site "Karlovy Vary"]
[Date "2011.05.01"]
[Round "5"]
[White "Pilik, Jaroslav"]
[Black "Bechynsky, Jan"]
[Result "0-1"]
[WhiteElo "1478"]
[BlackElo "1831"]
[PlyCount "62"]
[EventDate "2011.04.28"]
[EventType "swiss"]
[EventRounds "8"]
[EventCountry "CZE"]
[SourceTitle "CBM 142 Extra"]
[Source "ChessBase"]
[SourceDate "2011.06.27"]
[SourceVersion "1"]
[SourceVersionDate "2011.06.27"]
[SourceQuality "1"]

1. e4 c6 2. d4 d5 3. e5 Bf5 4. Bd3 Bxd3 5. Qxd3 e6 6. Nf3 Nd7 7. Bd2 Ne7 8. a3 a6 9. b4 Nb6 10. Nc3 Nc4 11. Bg5 Qc7 12. Bxe7 Bxe7 13. Nd2 Nxd2 14. Qxd2 a5 15. b5 c5 16. Ne2 cxd4 17. f4 Qb6 18. Nxd4 Bc5 19. c3 0-0 20. a4 Rac8 21. Rc1 Bxd4 22. cxd4 Rxc1+ 23. Qxc1 Qxd4 24. Qd2 Qxa4 25. 0-0 Qxb5 26. Ra1 a4 27. Qc2 Ra8 28. Rb1 Qc6 29. Qb2 a3 30. Ra1 Qc5+ 31. Kh1 axb2 0-1